00486 2200169 4500245004900000020001800049250001200067100001100079650001600090005001900106260004200125041001400167084000800181300002300189500009500212336000900307 aLupus b : Topi - Topi CentilcHilmanhText a979-403-316-2 aCet. 11 aHilman aNovel Fiksi a20231005090826 aJakartabGramedia Pustaka Utamac1988 aIndonesia a813 a128 hlm. :c18 cm. alupus pernah punya mimpi indah, mimpi punya topi mungil seperti yang sering di pakai andi. atext